000 00921nam a2200301 4500
003 OSt
005 20260530113906.0
008 260508b2006 it a|||| |||| 00| 0 spa d
020 _a3822848409
040 _aICI
_bspa
_cICI
041 _aspa
050 _aNC998
_b.C65 2006
245 1 0 _aColors signs :
_bIcons /
_ceditores Carlos Mustienes ; Thomas Hilland
264 1 _aItalia :
_bTASCHEN GimbH,
_c2006
300 _a185 páginas :
_bilustraciones
336 _atexto
_2rdacontent
337 _asin medio
_2rdamedia
338 _avolumen
_2rdacarrier
650 4 _aSeñales y símbolos
_932805
650 4 _aDiseño gráfico
_918020
650 4 _aComunicación visual
_932806
650 4 _aIconografía
_932807
650 4 _aColor en el diseño
_932808
650 4 _aDiseño industrial
_915218
700 1 _aMustienes, Carlos,
_eeditor
_932809
700 1 _a Hilland, Thomas
_eeditpr
_932810
942 _2lcc
_cBK
_n1
999 _c11953
_d11953